Statistiques concernant Numéros des départements français

Cliquez ici pour prendre le quiz!

Statistiques générales

  • Ce quiz a été pris 4 804 fois
  • Le résultat moyen est 39 sur 50

Statistiques - réponses

DépartementNuméro% Correct
Paris75
92%
Ain01
90%
Aisne02
86%
Bouches-du-Rhône13
86%
Aude11
85%
Allier03
84%
Aube10
84%
Seine-Saint-Denis93
84%
Corse-du-Sud2A
83%
Haute-Corse2B
83%
Gironde33
83%
Rhône69
82%
Ardèche07
81%
Calvados14
81%
Cantal15
81%
Nord59
81%
Alpes-Maritimes06
80%
Aveyron12
80%
Charente-Maritime17
80%
Finistère29
80%
Savoie73
80%
Var83
80%
Alpes-de-Haute-Provence04
79%
Ardennes08
79%
Ariège09
79%
Charente16
79%
Côte-d'Or21
79%
Hérault34
78%
Côtes-d'Armor22
77%
Ille-et-Vilaine35
77%
Isère38
77%
Landes40
77%
Loire-Atlantique44
77%
Manche50
77%
Dordogne24
76%
Loire42
76%
Bas-Rhin67
76%
Haute-Savoie74
76%
Hautes-Alpes05
75%
Corrèze19
75%
Creuse23
75%
Doubs25
75%
Drôme26
75%
Gard30
75%
Morbihan56
75%
Pyrénées-Atlantiques64
75%
Yvelines78
75%
Cher18
74%
Gers32
74%
Pyrénées-Orientales66
74%
Vaucluse84
74%
Vendée85
74%
Vosges88
74%
Essonne91
74%
Eure27
73%
Eure-et-Loir28
73%
Haute-Garonne31
73%
Loiret45
73%
Mayenne53
73%
Jura39
72%
Marne51
72%
Oise60
72%
Sarthe72
72%
Seine-et-Marne77
72%
Somme80
72%
Indre36
71%
Lot46
71%
Lozère48
71%
Orne61
71%
Pas-de-Calais62
71%
Puy-de-Dôme63
71%
Seine-Maritime76
71%
Val-de-Marne94
71%
Indre-et-Loire37
70%
Haut-Rhin68
70%
Hauts-de-Seine92
70%
Val-d'Oise95
70%
Haute-Loire43
69%
Meurthe-et-Moselle54
69%
Meuse55
69%
Vienne86
69%
Territoire de Belfort90
69%
Lot-et-Garonne47
68%
Moselle57
68%
Tarn81
68%
Yonne89
68%
Maine-et-Loire49
67%
Loir-et-Cher41
66%
Haute-Marne52
66%
Nièvre58
66%
Hautes-Pyrénées65
66%
Tarn-et-Garonne82
66%
Haute-Vienne87
63%
Saône-et-Loire71
62%
Deux-Sèvres79
62%
Haute-Saône70
61%

Distribution des résultats

Percentile par nombre de réponses

% des personnes avec chaque résultat

Votre développement - résultats

Vous n’avez pas pris ce quiz